000 00749nam a2200217 i 4500
001 54387
003 ES-MaACL
005 20251005063043.0
007 t|
008 960719s1851 xxk |||| | eng d
040 _aCAM
_bspa
_cCAM
100 1 _aFord, Richard,
_d1796-1858
_9138801
245 1 0 _aGatherings from Spain /
_cby the author of The handbook of Spain ; chiefly selected from that work with much new matter.
250 _aNew ed.
260 _aLondon :
_bJohn Murray,
_c1851 (
_fWilliam Clowes and sons)
300 _aX, 342 p. ;
_c19 cm.
651 4 _aEspaña-
_xDescripción-
_yS.XIX.
_98185
651 4 _aEspaña-
_xUsos y costumbres-
_yS.XIX.
_98521
852 _aES-MaACL
_jR-2619
_xOlim:G-10703
999 _c54387
_d54387